| Tag |
First Indicator |
Second Indicator |
Subfields |
| LEADER |
00000cam a22000001i 4500 |
| 001 |
in00004096539 |
| 005 |
20210728140203.0 |
| 006 |
m |o d | |
| 007 |
cr |n||||||||| |
| 008 |
191126s2020 pau ob 000 0 eng d |
| 020 |
|
|
|a 1799802000 (electronic bk.)
|
| 020 |
|
|
|a 9781799802006 (electronic bk.)
|
| 020 |
|
|
|z 1799801985
|
| 020 |
|
|
|z 1799801993
|
| 020 |
|
|
|z 9781799801986
|
| 020 |
|
|
|z 9781799801993
|
| 024 |
8 |
|
|a 40029552485
|
| 035 |
|
|
|a (NhCcYBP)ybp16256134
|
| 035 |
|
|
|a 5947873
|
| 040 |
|
|
|a NhCcYBP
|c NhCcYBP
|d UtOrBLW
|
| 043 |
|
|
|a d------
|
| 050 |
|
4 |
|a TD790
|b .S87 2020
|
| 082 |
0 |
4 |
|a 628.4/45091724
|2 23
|
| 245 |
0 |
0 |
|a Sustainable waste management challenges in developing countries /
|c Agamuthu Pariatamby, Fauziah Shahul Hamid, and Mehran Sanam Bhatti, editors.
|
| 264 |
|
1 |
|a Hershey, PA :
|b Engineering Science Reference,
|c [2020]
|
| 300 |
|
|
|a 1 online resource.
|
| 336 |
|
|
|a text
|b txt
|2 rdacontent
|
| 337 |
|
|
|a computer
|b c
|2 rdamedia
|
| 338 |
|
|
|a online resource
|b cr
|2 rdacarrier
|
| 500 |
|
|
|a Electronic resource.
|
| 504 |
|
|
|a Includes bibliographical references.
|
| 505 |
0 |
|
|a Sustainable waste management challenges in Sri Lanka / B. Basnayake, R. Ariyawansha, A. Karunarathna, Senarath Werahera, Nalin Mannapperuma -- Current situation and challenges of waste management in Thailand / Sandhya Babel, Anh Ta, Teshan Habarakada Liyanage -- Solid and hazardous waste management in Indonesia / Enri Damanhuri -- Waste management challenges in Malaysia / Mehran Bhatti -- Challenges of waste management in a developing context: lessons from Lebanon / Mutasem El-Fadel, Amani Maalouf -- Sustainable waste management challenges in Argentina / Atilio Savino, Ernesto de Titto -- Sustainable waste management in Bangladesh: issues and challenges / Md. Ashikuzzaman, Md. Howlader -- Solid waste management in Viet Nam : state and institutional framework and challenges / Thang Nguyen, Hanh Hong, Phuong Anh Duong, Tu Nguyen -- Status of solid waste management in Myanmar: key challenges and opportunities / Premakumara Jagath Dickella Gamaralalage -- Municipal waste management in Turkey / Ahmet Demir, Adem Basturk, Bestami Ozkaya, Mehmet Sinan Bilgili -- Solid waste management in the Republic of Serbia / Goran Vujic, Bojana Tot -- Municipal solid waste management and treatment in China / Mi Yan, Haryo Wibowo, Qike Liu, Dicka Rahim -- Sustainable solid waste management in developing countries, Tanzanian outlook: Tanzania sustainable solid waste management / Proscovia Kamugisha, Sebastian Mhanga -- Waste management Nigeria challenges and future prospects: waste management in Nigeria / Peter Abioye, Helen Auta, Jeremiah Bala, Sesan Aransiola.
|
| 588 |
|
|
|a Description based on print version record.
|
| 650 |
|
0 |
|a Refuse and refuse disposal
|z Developing countries.
|
| 650 |
|
0 |
|a Sustainability.
|0 http://id.loc.gov/authorities/subjects/sh2009000375
|
| 651 |
|
0 |
|a Developing countries
|x Environmental conditions.
|
| 655 |
|
7 |
|a Electronic books.
|2 local
|
| 700 |
1 |
|
|a Bhatti, Mehran Sanam,
|e editor.
|0 http://id.loc.gov/authorities/names/no2019085637
|
| 700 |
1 |
|
|a Pariatamby, Agamuthu,
|e editor.
|0 http://id.loc.gov/authorities/names/no2019085744
|
| 700 |
1 |
|
|a Shahul Hamid, Fauziah,
|e editor.
|0 http://id.loc.gov/authorities/names/no2019085804
|
| 710 |
2 |
|
|a IGI Global Online.
|
| 776 |
1 |
8 |
|c Original
|z 9781799801986
|z 1799801985
|z 9781799801993
|z 1799801993
|w (DLC) 2019018306
|
| 856 |
4 |
0 |
|u http://proxy.library.tamu.edu/login?url=https://dx.doi.org/10.4018/978-1-7998-0198-6
|z Connect to the full text of this electronic book
|t 0
|
| 955 |
|
|
|a YBP purchased approval e-records
|
| 980 |
|
|
|b 225.00
|g 1
|
| 999 |
f |
f |
|s 7f0a367d-437a-30e8-8607-c02f29bb6def
|i 20480115-6ea8-3b05-a623-ad38f0a2b6bd
|t 0
|
| 952 |
f |
f |
|a Texas A&M University
|b College Station
|c Electronic Resources
|d Available Online
|t 0
|e TD790 .S87 2020
|h Library of Congress classification
|
| 998 |
f |
f |
|a TD790 .S87 2020
|t 0
|l Available Online
|